| 000 | 00793nam a2200265 i 4500 | ||
|---|---|---|---|
| 001 | bg | ||
| 100 | 1 | _aMalaguzzi, Silvia. | |
| 245 | 0 |
_aBotticelli / _c[tekst Silvia Malaguzzi ; tł. Dorota Łąkowska]. |
|
| 260 |
_aWarszawa : _bRzeczpospolita ; _bHPS, _c2006. |
||
| 300 |
_a119, [8] s. : _bil. ; _c26 cm. |
||
| 490 | 1 |
_aKlasycy Sztuki ; _v35 |
|
| 600 | 0 |
_aBotticelli, Sandro _d(1445-1569) _xtwórczość |
|
| 650 | 0 |
_aMalarstwo włoskie _xhistoria _y15-16 w. |
|
| 700 | 0 | 1 |
_aŁąkowska, Dorota _eTł. |
| 830 | _aKlasycy Sztuki ; | ||
| 020 | _a9788360688090 | ||
| 020 | _a8360688095 | ||
| 040 | _cBPK | ||
| 041 | 1 |
_apol _hita |
|
| 080 | _a75.071(450)"14/15"A/Z | ||
| 920 | _a978-83-60688-09-0 | ||
| 920 | _a83-60688-09-5 | ||
| 942 | _cKS | ||
| 008 | s pl f |000 0 pol | ||
| 999 |
_c53752 _d53752 |
||
| 856 |
_uhttp://koha.tu.koszalin.pl/cgi-bin/koha/opac-detail.pl?biblionumber=53752 _yKatalog online BPK |
||